Basics of information technology for librarians and information scientists : (Record no. 64215)

MARC details
000 -LEADER
fixed length control field 00539nam a22001577a 4500
005 - DATE AND TIME OF LATEST TRANSACTION
control field 20180823130200.0
020 ## - INTERNATIONAL STANDARD BOOK NUMBER
International Standard Book Number 8170003431
Terms of availability 1500.00 (set price)
035 ## - SYSTEM CONTROL NUMBER
System control number B-92479, B-092478, B-092475
037 ## - SOURCE OF ACQUISITION
Stock number DPL
Source of stock number/acquisition ENG
100 ## - MAIN ENTRY--PERSONAL NAME
Personal name Dhiman, Anil K.
245 ## - TITLE STATEMENT
Title Basics of information technology for librarians and information scientists :
Remainder of title IT's applications in LIS /
Statement of responsibility, etc by Anil K. Dhiman
250 ## - EDITION STATEMENT
Edition statement Vol.II
260 ## - PUBLICATION, DISTRIBUTION, ETC. (IMPRINT)
Place of publication, distribution, etc New Delhi
Name of publisher, distributor, etc Ess Ess Publications
Date of publication, distribution, etc 2003
300 ## - PHYSICAL DESCRIPTION
Extent 306p.
Dimensions 20 cms.
942 ## - ADDED ENTRY ELEMENTS (KOHA)
Source of classification or shelving scheme Dewey Decimal Classification
Item type English Books
Classification part 025.04
Call number suffix DHI
Holdings
Withdrawn status Lost status Not for loan Collection code Home library Current library Date acquired Cost, normal purchase price Full call number Barcode Cost, replacement price Koha item type Materials specified (bound volume or other part) Source of acquisition
        Patel Nagar Patel Nagar 07/08/2018 1500.00 025.04 DHI B-092478 1500.00 English Books v.2 BPPD/PUB
      Non-fiction Sarojini Nagar Sarojini Nagar 21/03/2012 1500.00 025.04 DHI B-92479 1500.00 English Books    
      Non-fiction Shahdara Branch Shahdara Branch 23/08/2018 1500.00 025.04 DHI B-092475 1500.00 English Books   BPPD/PUB

© Delhi Public Library
Hit Counter
free hit counter